000 00451nam a2200181Ia 4500
008 100917s9999 xx 000 0 und d
082 _b9258
100 _aगोगटे शकुंतला
245 _aसार्थक
260 _b---
_c1970
300 _a120
365 _b5
520 _aकादंबरी
630 _aसार्थक
650 _aकादंबरी
730 _aसार्थक
942 _cBOOK
999 _c614652
_d614649